[Event "Xtracon Grand Master 2013"]
[Site "Asgaard Skole, Koge"]
[Date "2013.10.18"]
[Round "6.30"]
[White "Keinicke, Mads"]
[Black "Hansen, Verner"]
[Result "1-0"]
[WhiteElo "1693"]
[BlackElo "1903"]
[PlyCount "51"]
[EventDate "2013.??.??"]
[WhiteTeam "Nørrebro Skakklub"]
[BlackTeam "Espergærde Skakklub"]

1. d4 d5 2. Nf3 e6 3. e3 c5 4. b3 Nc6 5. Bb2 Nf6 6. Nbd2 cxd4 7. exd4 Bd7 8. a3
Be7 9. Bd3 Qc7 10. Ne5 Rc8 11. O-O Bd6 12. f4 Qb6 13. Ndf3 Ne4 14. Nxd7 Kxd7
15. Bxe4 dxe4 16. Ng5 f5 17. Kh1 Ne7 18. c4 Qc6 19. Nxe6 h6 20. d5 Qa6 21. Nxg7
Rh7 22. Qh5 Rf8 23. Ne6 Rg8 24. c5 Qd3 25. cxd6 Nxd5 26. Nc5+ 1-0

[Event "Xtracon Grand Master 2013"]
[Site "Asgaard Skole, Koge"]
[Date "2013.10.18"]
[Round "6.31"]
[White "Jørgensen, Mikkel"]
[Black "Severinsen, Frank"]
[Result "1-0"]
[WhiteElo "1866"]
[BlackElo "1100"]
[PlyCount "91"]
[EventDate "2013.??.??"]
[WhiteTeam "Brønshøj Skakforening"]
[BlackTeam "Skakklubben K41"]

1. e4 Nc6 2. Nf3 f5 3. Bc4 fxe4 4. Ng5 d5 5. Bb5 Nf6 6. Nc3 h6 7. Ngxe4 dxe4 8.
Nxe4 Bg4 9. Nxf6+ exf6 10. Qxg4 Qe7+ 11. Qe2 Qxe2+ 12. Kxe2 O-O-O 13. Bxc6 bxc6
14. Re1 Bc5 15. Kf1 g5 16. d3 h5 17. Be3 Bd6 18. Kg1 c5 19. Rad1 g4 20. g3 f5
21. Bg5 Rdg8 22. Be7 Rh7 23. Bxd6 cxd6 24. Re6 Kd7 25. Rde1 Kc6 26. Rf6 Rg5 27.
Ree6 Rd7 28. Re5 h4 29. Rexf5 Rxf5 30. Rxf5 hxg3 31. fxg3 Re7 32. Kf2 Kd7 33.
Rg5 Rf7+ 34. Ke1 Re7+ 35. Kd2 Rf7 36. Rxg4 Rf2+ 37. Kc3 Rxh2 38. Rg7+ Kc6 39.
Rxa7 Rg2 40. Rg7 d5 41. a4 d4+ 42. Kb3 Rf2 43. Rg6+ Kd5 44. a5 Rf3 45. Rg5+ Kc6
46. Kc4 1-0